Něco se stalo / (Record no. 22756)
[ view plain ]
| 000 -LEADER | |
|---|---|
| fixed length control field | 00960nam a2200325 a 4500 |
| 001 - CONTROL NUMBER | |
| control field | 22756 |
| 003 - CONTROL NUMBER IDENTIFIER | |
| control field | CZ PrNK |
| 005 - DATE AND TIME OF LATEST TRANSACTION | |
| control field | 20260423102313.0 |
| 007 - PHYSICAL DESCRIPTION FIXED FIELD--GENERAL INFORMATION | |
| fixed length control field | tu |
| 008 - FIXED-LENGTH DATA ELEMENTS--GENERAL INFORMATION | |
| fixed length control field | 010130s2000 xr e 000 1 cze |
| 015 ## - NATIONAL BIBLIOGRAPHY NUMBER | |
| National bibliography number | cnb000983315 |
| 020 ## - INTERNATIONAL STANDARD BOOK NUMBER | |
| International Standard Book Number | 8072573047 |
| Qualifying information | (brož.) |
| 035 ## - SYSTEM CONTROL NUMBER | |
| System control number | (OCoLC)85010997 |
| 040 ## - CATALOGING SOURCE | |
| Original cataloging agency | ABA001 |
| Language of cataloging | cze |
| 041 1# - LANGUAGE CODE | |
| Language code of text/sound track or separate title | cze |
| Language code of original | eng |
| 072 #7 - SUBJECT CATEGORY CODE | |
| Subject category code | 821.111(73)-3 |
| Subject category code subdivision | Americká próza |
| Source | Konspekt |
| 080 ## - UNIVERSAL DECIMAL CLASSIFICATION NUMBER | |
| Universal Decimal Classification number | 821.111(73)-31 |
| Edition identifier | MRF |
| 100 1# - MAIN ENTRY--PERSONAL NAME | |
| Personal name | Heller, Joseph, |
| Dates associated with a name | 1923-1999 |
| Relationship | aut |
| 240 10 - UNIFORM TITLE | |
| Uniform title | Something happened. |
| Language of a work | Česky |
| 245 10 - TITLE STATEMENT | |
| Title | Něco se stalo / |
| Statement of responsibility, etc. | Joseph Heller ; přeložil Antonín Přidal |
| 260 ## - PUBLICATION, DISTRIBUTION, ETC. | |
| Place of publication, distribution, etc. | [Praha] : |
| Name of publisher, distributor, etc. | BB art, |
| Date of publication, distribution, etc. | [2000] |
| 300 ## - PHYSICAL DESCRIPTION | |
| Extent | 429 s. ; |
| Dimensions | 18 cm |
| 500 ## - GENERAL NOTE | |
| General note | Přeloženo z angličtiny |
| 655 #7 - INDEX TERM--GENRE/FORM | |
| Genre/form data or focus term | americké romány |
| Source of term | czenas |
| 655 #9 - INDEX TERM--GENRE/FORM | |
| Genre/form data or focus term | American fiction |
| Source of term | eczenas |
| 700 1# - ADDED ENTRY--PERSONAL NAME | |
| Personal name | Přidal, Antonín, |
| Dates associated with a name | 1935-2017 |
| Relationship | trl |
| 901 ## - LOCAL DATA ELEMENT A, LDA (RLIN) | |
| b | 9788072573042 |
| f | [2. vyd.] |
| o | 20010118 |
| 910 ## - USER-OPTION DATA (OCLC) | |
| User-option data | ABA001 |
| 942 ## - ADDED ENTRY ELEMENTS (KOHA) | |
| Source of classification or shelving scheme | Dewey Decimal Classification |
| Koha item type | Krásna literatúra pre dospelých |
| Suppress in OPAC | No |
| Stav vyradenia | Strata | Poškodenie | Spôsob nadobudnutia | Domovská knižnica | Aktuálna knižnica | Dátum nadobudnutia | Total checkouts | Čiarový kód exemplára | Date last seen | Typ exemplára |
|---|---|---|---|---|---|---|---|---|---|---|
| Dar | Obecná knižnica Belá-Dulice | Obecná knižnica Belá-Dulice | 23.04.2026 | 4735903389 | 23.04.2026 | Krásna literatúra pre dospelých |
